000
00407nam a22001697a 4500
003
MPLRDC
005
20220104125006.0
008
210129b ||||| |||| 00| 0 eng d
082
_a
771.7 ZTM
100
_a
祝天明编著
245
_a
大洋洲列国志
_c
250
_a
初版
260
_a
_b
香港益群出版社
_c
1973
300
_b
平
650
_a
大洋洲地方志
942
_c
BK
_o
771.7 ZTM
999
_c
23777
_d
23767